Coevolution of mutualism between ants and acacias in Central America (Registro nro. 9922)

Detalles MARC
000 -CABECERA
Campo de control 005820000a22001930004500
090 ## - CLASIFICACIÓN LOCAL
Colección AR
Consecutivo 00833
041 0# - IDIOMA
Código de idioma para texto/pista de sonido o título separado
100 1# - ASIENTO PRINCIPAL--NOMBRE PERSONAL
Nombre personal Janzen, Daniel H.
245 10 - MENCION DE TITULO
Título Coevolution of mutualism between ants and acacias in Central America
650 14 - ASIENTO SECUNDARIO DE MATERIA - TERMINO TEMATICO
Término temático o nombre geográfico como elemento de entrada Relación planta-animal
650 14 - ASIENTO SECUNDARIO DE MATERIA - TERMINO TEMATICO
Término temático o nombre geográfico como elemento de entrada Evolución
650 14 - ASIENTO SECUNDARIO DE MATERIA - TERMINO TEMATICO
Término temático o nombre geográfico como elemento de entrada Mutualismo
650 14 - ASIENTO SECUNDARIO DE MATERIA - TERMINO TEMATICO
Término temático o nombre geográfico como elemento de entrada Hormigas
650 14 - ASIENTO SECUNDARIO DE MATERIA - TERMINO TEMATICO
Término temático o nombre geográfico como elemento de entrada Entomología
653 ## - TERMINO DE INDIZACION - NO CONTROLADO
-- Acacia
653 ## - TERMINO DE INDIZACION - NO CONTROLADO
-- Pseudomyrmex
773 1# - Item fuente:
Título Evolution: International Journal of Organic Evolution
Especificación de materiales 11
Descripción física 3
Paginas del Articulo 249-275
Lugar, editorial y fecha de publicación 1966
Información sobre la relación 20
942 ## - ELEMENTOS ADICIONALES (KOHA)
Tipo de ítem Artículo
Existencias
Withdrawn status Lost status Damaged status No para préstamo Colección Ubicación Permanente Ubicación actual Fecha de adquisición Datos de publicación Seriada Total Checkouts Número topográfico Inventario / Código de Barras Date last seen Ejemplar Price effective from Forma de adquisición Tipo de material
      No para Préstamo Hemeroteca Bogotá Bogotá 27/02/2015 Fuera de circulación   AR 00833 011156 25/03/2015 1 25/03/2015   Artículo